| 000 | 00420nam a2200169Ia 4500 | ||
|---|---|---|---|
| 003 | GCL | ||
| 008 | 140319s9999 xx 000 0 eng d | ||
| 040 |
_aGCL / _cGCL |
||
| 082 | 0 | 4 |
_a428 _bB I |
| 100 | 1 | _aBIRLEY, ROSALIND | |
| 245 | 1 | 0 |
_aIMPROVE YOUR ENGLISH / _cBIRLEY, ROSALIND |
| 260 |
_a[S.N] : _bUNIVERSAL BOOK STALL ، _c1992 |
||
| 300 | _a144 P | ||
| 650 | 0 | 4 | _aTEACHING |
| 650 | 0 | 4 | _aENGLISH |
| 942 |
_2ddc _cBK |
||
| 999 |
_c24721 _d24721 |
||